005550000a22001450004500090001700000245014600017041001400163700003500177700003600212700004100248100002500289942001300314773006500327999001700392 aASbSeriadas10aHallazgo de Dermatobia hominis (Linnaeus filius, 1781) (Diptera. Cuterebridae) en Bothrops cf. Atrox (Linnaeus, 1758) (Viperidae: Crotalinae)0 aEspañol1 aRamírez Avila, Jaime91003211 aRenjifo R., Juan Manuel91003221 aForero Ch., María Cristina91003231 aCura, Emilio9100324 cARTICULO1 tTrianeakActa Científica y Tecnológicah4q551-556d1991 c16128d16128